Odd One Out: Emmy Awards Quiz Stats

 Plays Quiz Updated Aug 24, 2014

Support Sporcle.
Go Orange.
Score 0/10 Timer 03:00
0 Plays Today
Hint Answer % Correct
Comedy Series???
57.8%
Supporting Comedy Actress???
49.1%
Lead Comedy Actor???
48.3%
Supporting Drama Actor???
39.2%
Lead Comedy Actress???
36%
Drama Series???
33.5%
Supporting Drama Actress???
31%
Supporting Comedy Actor???
30.7%
Lead Drama Actress???
28.7%
Lead Drama Actor???
27.4%

You're not logged in!

Compare scores with friends on all Sporcle quizzes.
OR
Log In

From the Vault

Cricket Fielding Positions

by bazmerelda

Don't worry, you don't need to identify where they are...just know them!
Remove Ads.
Support Sporcle.
Get the best of Sporcle when you Go Orange. This ad-free experience offers more features, more stats, and more fun while also helping to support Sporcle. Thank you for becoming a member.

Show Comments

Extras

Top Quizzes Today


Score Distribution

Your Account Isn't Verified!

In order to create a playlist on Sporcle, you need to verify the email address you used during registration. Go to your Sporcle Settings to finish the process.

Report this User

Report this user for behavior that violates our Community Guidelines.

Details: